|
|
|
|
| LEADER |
00000nam0a2200000 4500 |
| 001 |
277617 |
| 005 |
20231101235031.0 |
| 035 |
|
|
|a (RuTPU)RU\TPU\book\300893
|
| 090 |
|
|
|a 277617
|
| 100 |
|
|
|a 20141204d1985 k y0rusy5003 ca
|
| 101 |
0 |
|
|a rus
|
| 102 |
|
|
|a RU
|
| 105 |
|
|
|a a g 001zy
|
| 200 |
1 |
|
|a Различные области применения холода
|e справочник
|f под ред. А. В. Быкова
|
| 210 |
|
|
|a Москва
|c Агропромиздат
|d 1985
|
| 215 |
|
|
|a 271 с.
|c ил.
|
| 225 |
1 |
|
|a Холодильная техника
|
| 320 |
|
|
|a Предметный указатель: с. 268-269
|
| 606 |
1 |
|
|a Холодильное машиностроение
|2 stltpush
|3 (RuTPU)RU\TPU\subj\17502
|9 43125
|
| 610 |
1 |
|
|a холод искусственный
|
| 610 |
1 |
|
|a холодильные установки
|
| 610 |
1 |
|
|a применение
|
| 610 |
1 |
|
|a справочники
|
| 610 |
1 |
|
|a металлургия
|
| 610 |
1 |
|
|a строительная техника
|
| 610 |
1 |
|
|a сухой лед
|
| 610 |
1 |
|
|a ледяные катки
|
| 610 |
1 |
|
|a соленая вода
|
| 610 |
1 |
|
|a опреснение
|
| 610 |
1 |
|
|a медицина
|
| 675 |
|
|
|a 621.56/.59(035)
|z rus
|v 3
|
| 702 |
|
1 |
|a Быков
|b А. В.
|g Александр Васильевич
|4 340
|
| 801 |
|
0 |
|a RU
|b RuMRKP
|c 19950704
|g psbo
|
| 801 |
|
1 |
|a RU
|b 63413507
|c 20141204
|
| 801 |
|
2 |
|a RU
|b 63413507
|c 20170406
|g RCR
|
| 942 |
|
|
|c BK
|